000 00354 a2200169 4500
001 184200
020 _a85-357-0252-0
040 _cMagnum
100 _aJose, Elias
240 1 0 _aCantigas de adolescer
_lpor
245 1 0 _aCantigas de adolescer
300 _a72
362 0 _a2003
440 1 _aAtual
697 _aLITERATURA JUVENIL
942 _cBK
999 _c184200
_d184200